| 000 | 00784nam a2200289Ia 4500 | ||
|---|---|---|---|
| 005 | 20260324144336.0 | ||
| 008 | 008 260324s9999 xx 000 0 eng d | ||
| 020 | _a9780203076859 | ||
| 037 | _aEBOOK | ||
| 040 | _aCRL | ||
| 040 | _beng | ||
| 040 | _cCRL | ||
| 041 | _2eng | ||
| 041 | _aeng | ||
| 084 | _qCRL | ||
| 100 |
_aNeil Hood; Jan-Erik Vahlne _91218965 |
||
| 245 | 0 | _aStrategies in Global Competition (RLE International Business) | |
| 245 | 0 | _bSelected Papers from the Prince Bertil Symposium at the Institute of International Business | |
| 260 | _bTaylor and Francis | ||
| 260 | _c1988 | ||
| 365 | _a | ||
| 365 | _b290 | ||
| 856 | _uhttp://www.taylorfrancis.com/books/9780203076859 | ||
| 942 | _cEBOOK | ||
| 999 |
_c1825462 _d1825462 |
||